Statistiken für Gemeinden im Kanton Obwalden

Klicken Sie hier um das Quiz zu spielen!

Allgemein

  • Dieses Quiz wurde 87 mal gespielt
  • Das Durchschnittsergebnis liegt bei 6 aus 7

Antwortstatistiken

Gemeinde% Korrekt
Sarnen
100%
Lungern
86%
Alpnach
81%
Engelberg
78%
Giswil
76%
Kerns
70%
Sachseln
68%

Verteilung der Resultate

Perzentil nach korrekt beantworteten Fragen

Anzahl Personen mit jedem Resultat

Ihre Resultats-Entwicklung

Sie haben dieses Quiz noch nicht gespielt